Od logických obvodů k mikroprocesorům

Guardado en:
Detalles Bibliográficos
Autor principal: Bernard, Jean-Michel
Otros Autores: Hugon, Jean, Corvec, Robert Le
Formato: Libro
Lenguaje:checo
Publicado: Praha Státní nakladatelství technické literatury 1986
Edición:1. vyd.
Etiquetas: Agregar Etiqueta
Sin Etiquetas, Sea el primero en etiquetar este registro!

MARC

LEADER 00000nam a2200000 4500
001 c024779
005 20250522112657.3
041 0 |a cze 
044 |a CZ 
245 1 0 |a Od logických obvodů k mikroprocesorům  |c Jean-Michel Bernard, Jean Hugon, Robert Le Corvec ; [Z fran. prel.] Vladimír Drábek 
250 |a 1. vyd. 
264 1 |a Praha  |b Státní nakladatelství technické literatury  |c 1986 
300 |a 686 s. 
100 1 |a Bernard, Jean-Michel 
700 1 |a Hugon, Jean 
700 1 |a Corvec, Robert Le